000 00910nam a22001937a 4500
005 20251008124202.0
010 _aHIN-130484
020 _a9789390708987
035 _aHN-102830
037 _bDBAD
_a1
082 _a820.08
_2प्रथम
_b1
100 _aश्रीवास्तव रामपाल
_985427
245 _aसत्ता के गलियारे में सफ़ेद हाथी/
_c रामपाल श्रीवास्तव
_hहिंदी
250 _aप्रथम
260 _aसाहिबाबाद
_bशुभदा बुक्स
_c2023
270 _aबी,140/एस-2, शालीमार गार्डन एक्सटेंशन-2
_bसाहिबाबाद
_e201005
_k8851578398
300 _a194 पृ.
_c22 सेमी (अजिल्द )
942 _2ddc
_cHN
_h820.08
_mश्रीवास्त
999 _c213616
_d213616